Đồng Tháp nhân vật chí

Na minha lista:
Detalhes bibliográficos
Autor Corporativo: Ban tuyên giáo tỉnh ủy và Hội khoa học lịch sử Đồng Tháp
Outros Autores: Nguyễn, Đắc Hiền (Chủ biên)
Formato: Livro
Publicado em: Thành phố Hồ Chí Minh Trẻ 2015
Edição:Tái bản lần thứ nhất
Assuntos:
Tags: Adicionar Tag
Sem tags, seja o primeiro a adicionar uma tag!
Thư viện lưu trữ: Trung tâm Học liệu Lê Vũ Hùng, Trường Đại học Đồng Tháp
LEADER 00997pam a22002898a 4500
001 00034249
005 20171026081025.0
008 160525s2015 ||||||Viesd
041 0 # |a Vie 
082 1 4 |a 920.059 78  |b Đ455T 
110 1 # |a Ban tuyên giáo tỉnh ủy và Hội khoa học lịch sử Đồng Tháp 
245 0 0 |a Đồng Tháp nhân vật chí 
250 # # |a Tái bản lần thứ nhất 
260 # # |a Thành phố Hồ Chí Minh  |b Trẻ  |c 2015 
300 # # |a 515 tr.  |c 25 cm.  |b minh họa màu 
653 # # |a Nhân vật 
653 # # |a Đồng Tháp 
653 # # |a Địa chí 
653 # # |a Tiểu sử 
700 1 # |a Nguyễn, Đắc Hiền  |e Chủ biên 
852 # # |b Kho mượn  |j KM.0019694, KM.0019695 
852 # # |j KM.0019694  |j KD.0017781  |j KM.0019695 
852 # # |b Kho đọc  |j KD.0017781 
910 |d 25/05/2016 
980 # # |a Trung tâm Học liệu Lê Vũ Hùng, Trường Đại học Đồng Tháp